Icon Tracklist (Brent Faiyaz) - Statistics

General Stats
  • This quiz has been taken 28 times
  • The average score is 7 of 10
Answer Stats
Hint Answer % Correct
Icon 4 butterflies.
96%
Icon 5 other side.
83%
Icon 1 white noise.
83%
Icon 2 wrong faces.
83%
Icon 3 have to.
78%
Icon 10 vanilla sky.
74%
Icon 6 strangers.
70%
Icon 9 pure fantasy.
65%
Icon 7 world is yours.
57%
Icon 8 four seasons.
52%
No matching quizzes found
Score Distribution
Percent of People with Each Score
Percentile by Number Answered
Your Score History
You have not taken this quiz